KOHA-Header-6

The Clean Coder a code of conduct for Professional Programmers (Record no. 1502)

000 -LEADER
fixed length control field 00345nam a2200121Ia 4500
008 - FIXED-LENGTH DATA ELEMENTS--GENERAL INFORMATION
fixed length control field 190723s9999 xx 000 0 und d
020 ## - INTERNATIONAL STANDARD BOOK NUMBER
International Standard Book Number 13:978-0-13-708107-3
100 ## - MAIN ENTRY--PERSONAL NAME
Personal name Robert C.Martin
245 #4 - TITLE STATEMENT
Title The Clean Coder a code of conduct for Professional Programmers
260 ## - PUBLICATION, DISTRIBUTION, ETC. (IMPRINT)
Place of publication, distribution, etc New York
Name of publisher, distributor, etc Prentice hall
Date of publication, distribution, etc 2011
300 ## - PHYSICAL DESCRIPTION
Extent 210:p
942 ## - ADDED ENTRY ELEMENTS (KOHA)
Koha item type Books
Holdings
Withdrawn status Lost status Damaged status Not for loan Collection code Permanent Location Current Location Shelving location Date acquired Total Checkouts Full call number Barcode Date last seen Date checked out Price effective from Koha item type
      Not For Loan Computer Science MAJU MAJU   2019-07-23 1 5.109 8125 2020-07-06 2020-02-14 2019-07-23 Computer Science

Powered by Koha